000 00182 a2200097 4500
020 _a9780545164399
041 _aeng
100 _aLynn Maslen Kertell
245 _aFix It
942 _cK
999 _c27837
_d27837